| 000 -LEADER |
| fixed length control field |
01494cam a2200409 i 4500 |
| 001 - CONTROL NUMBER |
| control field |
.b30705873 |
| 003 - CONTROL NUMBER IDENTIFIER |
| control field |
OCoLC |
| 005 - DATE AND TIME OF LATEST TRANSACTION |
| control field |
20241210103510.0 |
| 008 - FIXED-LENGTH DATA ELEMENTS--GENERAL INFORMATION |
| fixed length control field |
220511t20071994enka j 001 0 engd |
| 020 ## - INTERNATIONAL STANDARD BOOK NUMBER |
| International Standard Book Number |
9781407103433 |
| Qualifying information |
(pbk.) |
| 035 ## - SYSTEM CONTROL NUMBER |
| System control number |
(OCoLC)229463395 |
| Canceled/invalid control number |
(OCoLC)137313403 |
| 040 ## - CATALOGING SOURCE |
| Original cataloging agency |
UKM |
| Transcribing agency |
UKM |
| Modifying agency |
OCLCG |
| -- |
AU@ |
| -- |
BTCTA |
| -- |
YDXCP |
| -- |
RDI |
| -- |
KH8 |
| 042 ## - AUTHENTICATION CODE |
| Authentication code |
nbic |
| 082 ## - DEWEY DECIMAL CLASSIFICATION NUMBER |
| Classification number |
940.53 DEA |
| 100 1# - MAIN ENTRY--PERSONAL NAME |
| Personal name |
Deary, Terry, |
| Relator term |
author. |
| 245 10 - TITLE STATEMENT |
| Title |
Blitzed Brits / |
| Statement of responsibility, etc. |
Terry Deary ; illustrated by Martin Brown & Kate Sheppard. |
| 264 #1 - PRODUCTION, PUBLICATION, DISTRIBUTION, MANUFACTURE, AND COPYRIGHT NOTICE |
| Place of production, publication, distribution, manufacture |
London : |
| Name of producer, publisher, distributor, manufacturer |
Scholastic, |
| Date of production, publication, distribution, manufacture, or copyright notice |
2007. |
| 264 #4 - PRODUCTION, PUBLICATION, DISTRIBUTION, MANUFACTURE, AND COPYRIGHT NOTICE |
| Date of production, publication, distribution, manufacture, or copyright notice |
©1994. |
| 300 ## - PHYSICAL DESCRIPTION |
| Extent |
140 pages : |
| Other physical details |
illustrations ; |
| Dimensions |
20 cm. |
| 336 ## - CONTENT TYPE |
| Content type term |
text |
| Content type code |
txt |
| Source |
rdacontent. |
| 337 ## - MEDIA TYPE |
| Media type term |
unmediated |
| Media type code |
n |
| Source |
rdamedia. |
| 338 ## - CARRIER TYPE |
| Carrier type term |
volume |
| Carrier type code |
nc |
| Source |
rdacarrier. |
| 490 1# - SERIES STATEMENT |
| Series statement |
Horrible histories. |
| 500 ## - GENERAL NOTE |
| General note |
Includes index. |
| 500 ## - GENERAL NOTE |
| General note |
Originally published: London: Hippo, 1994. |
| 521 8# - TARGET AUDIENCE NOTE |
| Target audience note |
750L |
| Source |
Lexile. |
| 650 #0 - SUBJECT ADDED ENTRY--TOPICAL TERM |
| Topical term or geographic name entry element |
Blackouts in war |
| General subdivision |
History |
| Chronological subdivision |
20th century |
| Form subdivision |
Juvenile literature. |
| 650 #0 - SUBJECT ADDED ENTRY--TOPICAL TERM |
| Topical term or geographic name entry element |
World War, 1939-1945 |
| General subdivision |
Social aspects |
| Geographic subdivision |
Great Britain |
| Form subdivision |
Juvenile literature. |
| 650 #0 - SUBJECT ADDED ENTRY--TOPICAL TERM |
| Topical term or geographic name entry element |
World War, 1939-1945 |
| General subdivision |
Aerial operations, German |
| Form subdivision |
Juvenile literature. |
| 651 #0 - SUBJECT ADDED ENTRY--GEOGRAPHIC NAME |
| Geographic name |
Great Britain |
| General subdivision |
History |
| Chronological subdivision |
Bombardment, 1944-1945 |
| Form subdivision |
Juvenile literature. |
| 699 ## - LOCAL SUBJECT ADDED ENTRY--UNIFORM TITLE (RLIN) |
| Uniform title |
English reading Lexile 750. |
| 699 ## - LOCAL SUBJECT ADDED ENTRY--UNIFORM TITLE (RLIN) |
| Uniform title |
English reading range 701-800. |
| 700 1# - ADDED ENTRY--PERSONAL NAME |
| Personal name |
Sheppard, Kate, |
| Relator term |
illustrator. |
| 700 1# - ADDED ENTRY--PERSONAL NAME |
| Personal name |
Brown, Martin, |
| Dates associated with a name |
1959- |
| Relator term |
illustrator. |
| 830 #0 - SERIES ADDED ENTRY--UNIFORM TITLE |
| Uniform title |
Horrible histories. |
| 942 ## - ADDED ENTRY ELEMENTS (KOHA) |
| Source of classification or shelving scheme |
|
| Koha item type |
Books - Non Ficton |